000 00422nam a2200181Ia 4500
001 13507
005 20260306164806.0
008 260306t2009||||xx |||||||||||||| ||spa||
041 _aESP
082 _a004.6
_bD54
100 _aDelgado Ortiz, Héctor H.
_eAUT
245 0 _aRedes inalámbricas
260 _c2009
300 _a447 páginas :
_c25 cm.
650 _aGEN
654 _aCCC
942 _cLIB
_dJUS
_fJUS
_2ddc
_n
999 _c13507
_d13507